000 00409nam a22001337a 4500
008 170216b xxu||||| |||| 00| 0 eng d
050 _aBT431.Z96
100 _aZvarevashe, Ignatius
_928868
245 _aMarwadzo nembiri yaJesu Kristo
_cIgnatius Zvarevashe
260 _aGweru
_bMambo Press
_c1992
300 _a120p. ;
_c21cm.
650 _aJesus Christ
_xPassion
_xMeditations
_928869
942 _2lcc
_cMONOGRAPH
999 _c126136
_d126136